000 00276nam a22001217a 4500
999 _c534143
_d534143
040 _cdlc
082 _a891.4394
100 _aMuhammad Kazim
_928289
245 _aHadein aur Batein
260 _aLahore
_bSang-e-Meel Publication
_cc2010
300 _a199;p
942 _2ddc
_cBK